Statistics for SriLankan Airlines Destinations-Colombo

Click here to take the quiz!

General Stats

  • This quiz has been taken 36 times
  • The average score is 27 of 34

Answer Stats

Country Airport % Correct
UKLondon-Heathrow
100%
IndiaMumbai
100%
BangladeshDhaka
100%
ChinaBeijing
100%
SingaporeSingapore
100%
Saudi ArabiaRiyadh
100%
JapanTokyo-Narita
100%
IndiaDelhi
100%
UAEDubai
96%
ThailandBangkok
96%
KuwaitKuwait City
96%
AustraliaMelbourne
96%
IndonesiaJakarta
96%
ChinaShanghai
96%
QatarDoha
92%
UAEAbu Dhabi
92%
IndiaBangalore
92%
IndiaKolkata
92%
MalaysiaKuala Lumpur
88%
IndiaChennai
88%
ChinaGuangzhou
88%
OmanMuscat
88%
MaldivesMale
84%
Saudi ArabiaJeddah
84%
IndiaHyderabad
80%
Saudi ArabiaDammam
72%
SeychellesVictoria
68%
BahrainBahrain
64%
IndiaCochin
36%
IndiaCoimbatore
24%
IndiaMadurai
24%
IndiaThiruvananthapuram
24%
MaldivesGan Island
12%
IndiaTiruchirapalli
12%

Score Distribution

Percentile by Number Answered

Percent of People with Each Score

Your Score History

You have not taken this quiz